00223nam a2200085Ia 4500008004100000100003500041245002400076260001700100650002000117190216s9999||||xx |||||||||||||| ||und|| aSahitya Pravarthaka Sangam Ltd 0aVallathole Prathiba bNbs Kottayam aEssay Malayalam